000 00694nam a2200241 i 4500
001 C2-0244854
003 PPAK
005 20180727210017.0
008 030126s1980 my |||| ||||| | may d
040 _aPPAK
_beng
_cPPAK
_erda
082 0 4 _a297.55
_223
090 0 0 _a297.55
_bMUH
_dKSA
100 0 _aMuhd Rushfuzi B. Ngah,
_eauthor
245 1 0 _aPanduan Ibadat Haji dan Umrah
264 1 _aTerengganu :
_bJabatan Hal Ehwal Agama Terengganu ,
_c1980
300 _a144 pages ;
_c19 cm
336 _2rdacontent
_atext
337 _2rdamedia
_aunmediated
338 _2rdacarrier
_avolume
500 _aTeks dalam tulisan jawi
650 1 0 _aMuslim pilgrims and pilgrimages
942 _ddc
_cB
999 _c59026
_d59026